Architecture as a craft : (Record no. 353682)

000 -LEADER
fixed length control field 00858cam a22002415a 4500
001 - CONTROL NUMBER
control field 16886848
003 - CONTROL NUMBER IDENTIFIER
control field OSt
005 - DATE AND TIME OF LATEST TRANSACTION
control field 20180116192415.0
008 - FIXED-LENGTH DATA ELEMENTS--GENERAL INFORMATION
fixed length control field 110516s2010 ne a 000 0 eng
010 ## - LIBRARY OF CONGRESS CONTROL NUMBER
LC control number 2011474236
020 ## - INTERNATIONAL STANDARD BOOK NUMBER
International Standard Book Number 9461051034 (pbk.)
035 ## - SYSTEM CONTROL NUMBER
System control number (CaONFCNI)ny17155786
040 ## - CATALOGING SOURCE
Original cataloging agency DLC
Transcribing agency DLC
082 ## - DEWEY DECIMAL CLASSIFICATION NUMBER
Classification number 724.6
245 00 - TITLE STATEMENT
Title Architecture as a craft :
Remainder of title architecture, drawing, model and position /
Statement of responsibility, etc. edited by Michiel Riedijk ; with the assistance of Else Marijn Kruijswijk, Drazen Krickovic & Jaimy Siebel.
260 ## - PUBLICATION, DISTRIBUTION, ETC.
Place of publication, distribution, etc. Amsterdam :
Name of publisher, distributor, etc. SUN,
Date of publication, distribution, etc. 2010.
300 ## - PHYSICAL DESCRIPTION
Extent 231 p. :
Other physical details ill. ;
Dimensions 24 cm.
500 ## - GENERAL NOTE
General note Includes bibliographical references.
906 ## - LOCAL DATA ELEMENT F, LDF (RLIN)
a 0
b ibc
c origres
d 3
e ncip
f 20
g y-gencatlg
942 ## - ADDED ENTRY ELEMENTS (KOHA)
Source of classification or shelving scheme
Koha item type Book
Holdings
Withdrawn status Lost status Source of classification or shelving scheme Damaged status Not for loan Permanent Location Current Location Date acquired Total Checkouts Total Renewals Full call number Barcode Date last seen Date last checked out Copy number Price effective from Koha item type Cost, replacement price
          School of Art Design and Architecture (SADA) School of Art Design and Architecture (SADA) 05/07/2013 2 4 724.6 ARC 2010 SADA0001981 11/11/2013 09/13/2013 1 05/07/2013 Book  
          School of Art Design and Architecture (SADA) School of Art Design and Architecture (SADA) 05/07/2013     724.6 ARC 2010 SADA0001982 01/05/2017   02 01/05/2017 Book 0.00
          School of Art Design and Architecture (SADA) School of Art Design and Architecture (SADA) 05/07/2013     724.6 ARC 2010 SADA0001983 01/05/2017   03 01/05/2017 Book 0.00
          School of Art Design and Architecture (SADA) School of Art Design and Architecture (SADA) 05/07/2013     724.6 ARC 2010 SADA0001984 01/05/2017   04 01/05/2017 Book 0.00
          School of Art Design and Architecture (SADA) School of Art Design and Architecture (SADA) 05/07/2013     724.6 ARC 2010 SADA0001985 01/05/2017   05 01/05/2017 Book 0.00
© 2023 Central Library, National University of Sciences and Technology. All Rights Reserved.